Engineering Mechanics 7th ed (Record no. 7501)
[ view plain ]
| 000 -LEADER | |
|---|---|
| fixed length control field | 00442nam a22001697a 4500 |
| 003 - CONTROL NUMBER IDENTIFIER | |
| control field | OSt |
| 005 - DATE AND TIME OF LATEST TRANSACTION | |
| control field | 20200312051047.0 |
| 008 - FIXED-LENGTH DATA ELEMENTS--GENERAL INFORMATION | |
| fixed length control field | 200312b ||||| |||| 00| 0 eng d |
| 020 ## - INTERNATIONAL STANDARD BOOK NUMBER | |
| International Standard Book Number | 9789387788497 |
| 040 ## - CATALOGING SOURCE | |
| Original cataloging agency | bmsca |
| 082 ## - DEWEY DECIMAL CLASSIFICATION NUMBER | |
| Classification number | 620.1 |
| Item number | BHA |
| 100 ## - MAIN ENTRY--PERSONAL NAME | |
| Personal name | Bhavikatti, SS |
| Dates associated with a name | author |
| 245 ## - TITLE STATEMENT | |
| Title | Engineering Mechanics 7th ed |
| Statement of responsibility, etc | Bhavikatti, SS |
| 250 ## - EDITION STATEMENT | |
| Edition statement | 7th ed / |
| 260 ## - PUBLICATION, DISTRIBUTION, ETC. (IMPRINT) | |
| Place of publication, distribution, etc | Ne Delhi |
| Name of publisher, distributor, etc | New Age International Publishers |
| Date of publication, distribution, etc | c2019 |
| 942 ## - ADDED ENTRY ELEMENTS (KOHA) | |
| Source of classification or shelving scheme | |
| Withdrawn status | Lost status | Source of classification or shelving scheme | Damaged status | Koha normalized classification for sorting | Not for loan | Permanent location | Current location | Date acquired | Full call number | Barcode | Date last seen | Price effective from | Koha item type |
|---|---|---|---|---|---|---|---|---|---|---|---|---|---|
| 620_100000000000000_BHA | BMS College of Architecture, Design and Planning | BMS College of Architecture, Design and Planning | 2020-03-12 | 620.1 BHA | AR-BB158 | 2020-03-12 | 2020-03-12 | Book Bank | |||||
| 620_100000000000000_BHA | BMS College of Architecture, Design and Planning | BMS College of Architecture, Design and Planning | 2020-03-12 | 620.1 BHA | AR-BB159 | 2020-03-12 | 2020-03-12 | Book Bank | |||||
| 620_100000000000000_BHA | BMS College of Architecture, Design and Planning | BMS College of Architecture, Design and Planning | 2020-03-12 | 620.1 BHA | AR-BB160 | 2020-03-12 | 2020-03-12 | Book Bank | |||||
| 620_100000000000000_BHA | BMS College of Architecture, Design and Planning | BMS College of Architecture, Design and Planning | 2020-03-12 | 620.1 BHA | AR-BB161 | 2020-03-12 | 2020-03-12 | Book Bank | |||||
| 620_100000000000000_BHA | BMS College of Architecture, Design and Planning | BMS College of Architecture, Design and Planning | 2020-03-12 | 620.1 BHA | AR-BB162 | 2020-03-12 | 2020-03-12 | Book Bank |